000 00393nam a22001457a 4500
005 20240827144252.0
008 240827b |||||||| |||| 00| 0 eng d
041 _aEnglish
082 _a349 LAW
100 _lEnglish
245 _aThe Laws of the Republic of Namibia 2001
300 _b20 pages;
_c30 cm.
650 _aLegal practice
_bLaw
942 _cBK
_6ALISON_BN_VRIES
999 _c2881
_d2881